000 00519nam a22001817a 4500
999 _c4280
_d4280
003 GBCCL
005 20241126110515.0
008 180118b xxu||||| |||| 00| 0 eng d
020 _a0801070406
040 _cgbc
082 _a226.07
_bPIE
100 _aPierson, Arthur T.
_98097
245 _aThe Gospel:
_bIts Heart, Heights, and Hopes /
_cArthur T. Pierson
260 _aMichigan:
_bBaker Book House,
_c1978
300 _a230 p.;
_c22 cm.
650 _aBible
_vNew Testament
_vGospels
_xStudy
_98098
942 _2ddc
_cBK
_01